| 000 | 01608nam a22003017a 4500 | ||
|---|---|---|---|
| 005 | 20090605103428.0 | ||
| 008 | 090605t xxu||||| |||| 00| 0 hin d | ||
| 010 | _aHIN-86813 | ||
| 020 |
_a9788170564867 _c180.00 |
||
| 035 | _aHN-59159 | ||
| 037 | _bDBAD / PUB | ||
| 040 |
_adpl _bhn |
||
| 082 | _a333.7 | ||
| 100 | _aगुर्जर, रामकुमार | ||
| 245 |
_aसंसाधन एवं पर्यावरण / _cरामकुमार गुर्जर एवं बी.सी.जाट |
||
| 246 |
_aSansaadhana evam pryaavaran _bby Ramkumar Gurjar & B.C. Jat |
||
| 250 | _a6ठा संशो.एवं परिव. संस्क. | ||
| 260 |
_aजयपुर _bपंचशील प्रकाशन _c2009 |
||
| 270 |
_aफ़िल्म कॉलोनी, चौड़ा रास्ता _bजयपुर _e302003 _k0141-2315072 _l5113854 _minfo@panchsheelprakashan.com |
||
| 300 |
_a504पृ. _bनख्शे _c22 सेमी (अजिल्द) |
||
| 650 |
_aआर्थिक विकास _xपर्यावरण संबंधी परिपेक्ष्य |
||
| 650 |
_aEconomic development _xEnvironmental aspects |
||
| 650 | _aप्राकृतिक संसाधन | ||
| 650 | _aNatural resources | ||
| 700 | _aजाट, बी.सी. | ||
| 942 |
_2ddc _cHN _mगुर्जर _h333.7 |
||
| 999 |
_c27245 _d27245 |
||